| 000 | 00469nam a22001577a 4500 | ||
|---|---|---|---|
| 082 | _aBEE-3 ASA | ||
| 100 |
_aMuhammad Asad Salam _992712 |
||
| 245 | _aAvatar Bot | ||
| 260 |
_aIslamabad _bNUST-SEECS _c2015 |
||
| 300 |
_a57p. _eSoftcopy Present |
||
| 500 | _aSupervisors: Dr. Sohail Iqbal, Dr. Yasar Ayaz | ||
| 700 |
_aShaoor Ahmed Qureshi _992713 |
||
| 700 |
_aTabashir Arif _992714 |
||
| 856 | _uhttp://10.250.8.41:8080/xmlui/handle/123456789/9266 | ||
| 942 |
_cPR _2ddc |
||
| 999 |
_c13294 _d13294 |
||